Test de Rapidité - De 0 à 20 puis de 20 à 0 - Statistiques

Statistiques générales
  • Ce quiz a été pris 2 461 fois
  • Le résultat moyen est 23 sur 42
Statistiques - réponses
Réponse % Correct
0
100%
1
95%
2
94%
3
93%
4
92%
5
91%
6
91%
7
90%
8
90%
9
89%
10
87%
11
85%
12
82%
13
81%
14
80%
15
78%
16
78%
17
77%
18
76%
19
73%
20
69%
20
54%
19
47%
18
44%
17
42%
16
39%
15
37%
14
33%
13
30%
12
28%
11
23%
10
18%
9
15%
8
14%
7
13%
6
12%
5
11%
4
10%
2
9%
3
9%
1
8%
0
7%
Aucun quiz correspondant
Distribution des résultats
% des personnes avec chaque résultat
Percentile par nombre de réponses
Votre historique - résultats
Vous n’avez pas pris ce quiz